000
00232nam a2200097Ia 4500
008
170619s9999 xx 000 0 und d
100
_a
Trembley J P
245
0
_a
Discrete Mathematical Structure
260
_b
New Delhi: TMH
260
_c
2003
546
_a
ENGLISH
999
_c
16915
_d
16915